000 00826nam a2200253Ia 4500
001 20531
003 DO-CoUTE
005 20260204212615.0
008 220104s9999 dr 000 0 spa d
020 _a978-9968-31-958-4
040 _aDO-CoUTE
_bspa
_cDO-CoUTE
041 0 _aspa
082 _a635-26 B837c
100 1 _aBrenes Madriz, Jaime
245 1 0 _aCultivo de ajo en Costa Rica / Jaime Brenes Madriz, Randall Chacón Cerdas, Anny Gullén Watson, Luko Hilje, William Rivera Méndez, Claudia Zuniga Vega
260 _aSan José, España : Editorial Universidad Estatal a Distancia
300 _a82 páginas
650 4 _aAgricultura
700 1 _aChacón Cerdas, Randall
700 1 _aGullén Watzon, Anny
942 _2ddc
_cBK
999 _c21170
_d21170